<?xml version="1.0" encoding="UTF-8"?>
<record
    xmlns:xsi="http://www.w3.org/2001/XMLSchema-instance"
    xsi:schemaLocation="http://www.loc.gov/MARC21/slim http://www.loc.gov/standards/marcxml/schema/MARC21slim.xsd"
    xmlns="http://www.loc.gov/MARC21/slim">

  <leader>00195nam a22000857a 4500</leader>
  <controlfield tag="003">SGT</controlfield>
  <datafield tag="245" ind1=" " ind2=" ">
    <subfield code="a">AMERICAL JOURNAL OF OBST &amp; GYNEACOLOGY</subfield>
  </datafield>
  <datafield tag="260" ind1=" " ind2=" ">
    <subfield code="a">USA</subfield>
    <subfield code="b">ELSEVIER </subfield>
    <subfield code="c">2018 TO 2020</subfield>
  </datafield>
  <datafield tag="942" ind1=" " ind2=" ">
    <subfield code="2">ddc</subfield>
    <subfield code="c">BV</subfield>
  </datafield>
  <datafield tag="952" ind1=" " ind2=" ">
    <subfield code="0">0</subfield>
    <subfield code="1">0</subfield>
    <subfield code="2">ddc</subfield>
    <subfield code="4">0</subfield>
    <subfield code="7">1</subfield>
    <subfield code="8">MEDICAL</subfield>
    <subfield code="a">FM</subfield>
    <subfield code="b">FM</subfield>
    <subfield code="d">2023-07-22</subfield>
    <subfield code="h">VOL-218, 2018</subfield>
    <subfield code="i">SGTU</subfield>
    <subfield code="p">PM1500</subfield>
    <subfield code="r">2023-07-22 00:00:00</subfield>
    <subfield code="w">2023-07-22</subfield>
    <subfield code="y">BV</subfield>
  </datafield>
  <datafield tag="952" ind1=" " ind2=" ">
    <subfield code="0">0</subfield>
    <subfield code="1">0</subfield>
    <subfield code="2">ddc</subfield>
    <subfield code="4">0</subfield>
    <subfield code="7">1</subfield>
    <subfield code="8">MEDICAL</subfield>
    <subfield code="a">FM</subfield>
    <subfield code="b">FM</subfield>
    <subfield code="d">2023-07-22</subfield>
    <subfield code="h">VOL-219, 2018</subfield>
    <subfield code="i">SGTU</subfield>
    <subfield code="p">PM1501</subfield>
    <subfield code="r">2023-07-22 00:00:00</subfield>
    <subfield code="w">2023-07-22</subfield>
    <subfield code="y">BV</subfield>
  </datafield>
  <datafield tag="952" ind1=" " ind2=" ">
    <subfield code="0">0</subfield>
    <subfield code="1">0</subfield>
    <subfield code="2">ddc</subfield>
    <subfield code="4">0</subfield>
    <subfield code="7">1</subfield>
    <subfield code="8">MEDICAL</subfield>
    <subfield code="a">FM</subfield>
    <subfield code="b">FM</subfield>
    <subfield code="d">2023-07-22</subfield>
    <subfield code="h">VOL-220, 2019</subfield>
    <subfield code="i">SGTU</subfield>
    <subfield code="p">PM1502</subfield>
    <subfield code="r">2023-07-22 00:00:00</subfield>
    <subfield code="w">2023-07-22</subfield>
    <subfield code="y">BV</subfield>
  </datafield>
  <datafield tag="952" ind1=" " ind2=" ">
    <subfield code="0">0</subfield>
    <subfield code="1">0</subfield>
    <subfield code="2">ddc</subfield>
    <subfield code="4">0</subfield>
    <subfield code="7">1</subfield>
    <subfield code="8">MEDICAL</subfield>
    <subfield code="a">FM</subfield>
    <subfield code="b">FM</subfield>
    <subfield code="d">2023-07-22</subfield>
    <subfield code="h">VOL-221, 2019</subfield>
    <subfield code="i">SGTU</subfield>
    <subfield code="p">PM1503</subfield>
    <subfield code="r">2023-07-22 00:00:00</subfield>
    <subfield code="w">2023-07-22</subfield>
    <subfield code="y">BV</subfield>
  </datafield>
  <datafield tag="952" ind1=" " ind2=" ">
    <subfield code="0">0</subfield>
    <subfield code="1">0</subfield>
    <subfield code="2">ddc</subfield>
    <subfield code="4">0</subfield>
    <subfield code="7">1</subfield>
    <subfield code="8">MEDICAL</subfield>
    <subfield code="a">FM</subfield>
    <subfield code="b">FM</subfield>
    <subfield code="d">2023-07-22</subfield>
    <subfield code="h">VOL-222, 2020</subfield>
    <subfield code="i">SGTU</subfield>
    <subfield code="p">PM1504</subfield>
    <subfield code="r">2023-07-22 00:00:00</subfield>
    <subfield code="w">2023-07-22</subfield>
    <subfield code="y">BV</subfield>
  </datafield>
  <datafield tag="952" ind1=" " ind2=" ">
    <subfield code="0">0</subfield>
    <subfield code="1">0</subfield>
    <subfield code="2">ddc</subfield>
    <subfield code="4">0</subfield>
    <subfield code="7">1</subfield>
    <subfield code="8">MEDICAL</subfield>
    <subfield code="a">FM</subfield>
    <subfield code="b">FM</subfield>
    <subfield code="d">2023-07-22</subfield>
    <subfield code="h">VOL-223, 2020</subfield>
    <subfield code="i">SGTU</subfield>
    <subfield code="p">PM1505</subfield>
    <subfield code="r">2023-07-22 00:00:00</subfield>
    <subfield code="w">2023-07-22</subfield>
    <subfield code="y">BV</subfield>
  </datafield>
  <datafield tag="999" ind1=" " ind2=" ">
    <subfield code="c">24400</subfield>
    <subfield code="d">24400</subfield>
  </datafield>
</record>
